000 00265nam a22001217a 4500
008 230703b xxu||||| |||| 00| 0 eng d
082 _a346
_bBRO
100 _cP.M Bromley
245 _aFamily Law
260 _bButterworth
_c1977
300 _a675p
942 _2ddc
_cBK
999 _c3490
_d3490